000 01575nam a2200301 4500
003 EC-UNACH
005 20251030171929.0
006 s||||gr|||| 00| 00
008 150116t9999 mx r gr 000 0 spa d
020 _a978-958-682-846-8
040 _aEC-UNACH
_cEC-UNACH
041 _aspa
082 0 4 _223
_a658.8
_bL011224
110 _aAlfaomega
245 _aMarketing para pymes, un enfoque para Latinoamérica.
250 _aPrimera edición
264 _aColombia
_bAlfaomega
_c2013
300 _a492
505 _a- Capitulo 1- Las micro, pequeñas y medianas empresas - - Capitulo 2- Marketing de última generación - - Capitulo 3- Mercado, segmentación mercado meta y posicionamiento - - Capitulo 4- Conocimiento del mercado y los clientes - - Capitulo 5- Estrategias de producto - - Capitulo 6- Desarrollo e introducción de nuevos productos - - Capitulo 7- Estrategias de precio - - Capitulo 8- Estrategias de distribución - - Capitulo 9- Estrategias de comunicación - - Capitulo 10- Venta y dirección de vendedores - - Capitulo 11- Atención y servicio al cliente - - Capitulo 12- Marketing de fidelización - - Capitulo 13- Marketing por internet - - Capitulo 14- El plan estratégico de marketing - - Capitulo 15- A manera de conclusión marketing creativo.
650 _aQue se entiende por pymes
650 _aQue es marketing
650 _aSistemas de información
700 _aAlejandro Schnarch K.
942 _2ddc
_c1
999 _c14129